| 000 | 00766nam a2200229Ia 4500 | ||
|---|---|---|---|
| 003 | GCL | ||
| 008 | 140319s9999 xx 000 0 ara d | ||
| 040 |
_aGCL / _cGCL |
||
| 082 | 0 | 4 |
_aد _b050 _bد هـ |
| 245 | 1 | 0 | _aسحر شكسبير ( الهلال يونيه 1998 ) |
| 260 |
_aالقاهرة : _bدار الهلال للطباعة والنشر ، _c1998 |
||
| 650 | 0 | 4 | _aالشعر العربى |
| 650 | 0 | 4 | _aالمقالات العربية |
| 650 | 0 | 4 | _aالقصة القصيرة |
| 650 | 0 | 4 | _aالحضارة الاوربية |
| 650 | 0 | 4 | _aالكنيسة القبطية |
| 650 | 0 | 4 | _aسعد زغلول |
| 650 | 0 | 4 | _aالجامعة - رسالة |
| 650 | 0 | 4 | _aالقصة - فن |
| 650 | 0 | 4 | _aالعقول المصرية - استثمار |
| 942 |
_2ddc _cCR |
||
| 999 |
_c6692 _d6692 |
||